Jurgen Klopp's First Starting 11 For Liverpool - Statistics

General Stats
  • This quiz has been taken 72 times
  • The average score is 7 of 11
Answer Stats
Position Answer % Correct
GK Simon Mignolet
88%
CAM philippe coutinho
79%
LM James Milner
76%
RB Nathaniel Clyne
74%
LB Alberto Moreno
71%
RM Adam Lallana
66%
ST Divock Origi
64%
RCB Martin Skrtel
64%
LCB Mamadou Sakho
60%
LCM Emre Can
50%
RCM Lucas Leiva
48%
No matching quizzes found
Score Distribution
Percent of People with Each Score
Percentile by Number Answered
Your Score History
You have not taken this quiz